Statistics for Most Educated Cities in the United States

Click here to take the quiz!

General Stats

  • This quiz has been taken 48,577 times
    (9,036 since last reset)
  • The average score is 10 of 15

Answer Stats

%City% Correct
40.5New York City
98%
43.1Boston
92%
46.3San Francisco / San Jose
90%
37.8Chicago
88%
46.5Washington D.C. / Baltimore
87%
41.4Seattle
87%
36.2Philadelphia
78%
36.9Portland
73%
44.9Denver
69%
38.1Atlanta
69%
41.3Minneapolis
60%
36.2Salt Lake City
47%
44.3Raleigh / Durham
42%
36.6Kansas City
35%
38.9Hartford
29%

Score Distribution

Percentile by Number Answered

Percent of People with Each Score

Your Score History

You have not taken this quiz since the last reset